Proceedings of the Fifth International Conference on Hyperbolic Problems : (Record no. 7746)
[ view plain ]
| 000 -LEADER | |
|---|---|
| fixed length control field | 00750 a2200169 4500 |
| 020 ## - INTERNATIONAL STANDARD BOOK NUMBER | |
| International Standard Book Number | 9810224419 |
| 040 ## - CATALOGING SOURCE | |
| Original cataloging agency | DLC |
| Language of cataloging | English |
| 082 00 - DEWEY DECIMAL CLASSIFICATION NUMBER | |
| Classification number | 532.0501515353 |
| 245 10 - TITLE STATEMENT | |
| Title | Proceedings of the Fifth International Conference on Hyperbolic Problems : |
| Remainder of title | theory, numerics, applications : University at Stony Brook, New York, USA, 13-17, June 1994 / |
| Statement of responsibility, etc. | editors, J. Glimm ... [et al.]. |
| 246 18 - VARYING FORM OF TITLE | |
| Title proper/short title | Hyperbolic problems : |
| Remainder of title | theory, numerics, applications |
| 260 ## - PUBLICATION, DISTRIBUTION, ETC. | |
| Place of publication, distribution, etc. | Singapore ; |
| -- | River Edge, N.J. : |
| Name of publisher, distributor, etc. | World Scientific, |
| Date of publication, distribution, etc. | c1996. |
| 300 ## - PHYSICAL DESCRIPTION | |
| Extent | xi, 494 p. : |
| Other physical details | ill. ; |
| Dimensions | 23 cm. |
| 650 #0 - SUBJECT ADDED ENTRY--TOPICAL TERM | |
| Topical term or geographic name entry element | Differential equations, Hyperbolic |
| General subdivision | Congresses. |
| 650 #0 - SUBJECT ADDED ENTRY--TOPICAL TERM | |
| Topical term or geographic name entry element | Differential equations, Nonlinear |
| General subdivision | Congresses. |
| 700 1# - ADDED ENTRY--PERSONAL NAME | |
| Personal name | Glimm, James. |
| 942 ## - ADDED ENTRY ELEMENTS (KOHA) | |
| Koha item type | Book |
| Call number prefix | 532.0501515353 GLI |
| Source of classification or shelving scheme | |
| Withdrawn status | Lost status | Damaged status | Not for loan | Collection code | Permanent Location | Current Location | Shelving location | Date acquired | Source of acquisition | Total Checkouts | Full call number | Barcode | Date last seen | Price effective from | Koha item type |
|---|---|---|---|---|---|---|---|---|---|---|---|---|---|---|---|
| Central Library (CL) | Central Library (CL) | General Stacks | 03/06/2003 | Donated by Dr. Arshad Ali | 532.0501515353 GLI | SEECS003190 | 11/14/2012 | 01/05/2017 | Book |
